Hediyelik santral (Record no. 5823)

MARC details
000 -BAŞLIK
Sabit Uzunlukta Kontrol Alanı 00682na a2200217 4500
001 - KONTROL NUMARASI
Denetim Alanı 18863
003 - KONTROL NUMARASI IDENTIFIER
Denetim Alanı MIRAKIL
005 - SON İŞLEM TARİHİ VE ZAMANI
Denetim Alanı 20181213155048.0
008 - SABİT-BOY VERİ ELEMANLARI - GENEL BİLGİLER
Sabit Uzunlukta Kontrol Alanı 161202b tu 000 0
040 ## - KATALOGLAMA KAYNAK
Orijinal Kataloglama Ajansı Milas
Kataloglama Dili tur
Metne Dönüştürmek Ajansı TR-AnCHP
041 ## - DİL KODU
Metin / Ses Parça Veya Ayrı Başlığın Dil Kodu tur
082 ## - DEWEY ONLU SINIFLANDIRMA NUMARASI
Sınıflandırma Numarası 338.6046
Ürün Numarası H32 [t.y.]
090 ## - SINIFLAMA NUMARASI
Sınıflama Numarası 338.6046 H32 [t.y.]
245 ## - BAŞLIK TABLOSU
Başlık Hediyelik santral
Başlığın Kalan Enerjinin özelleştirilmesine hayır
Sorumluluk Tablosu, Vb TES-İŞ
246 ## - UNVAN FORM VARYING
Başlık Doğru / Kısa Başlığı Enerjinin özelleştirilmesine hayır
260 ## - YAYIN, DAĞITIM, VB
Yayın, Dağıtım, Vb Yeri [y.y.]
Yayıncı, Dağıtıcı, Vs Adı [yayl.y.]
Yayın, Dağıtım, Vb Tarihi [t.y.]
300 ## - FİZİKSEL TANIM
Kapsam 102 s.
Diğer Fiziksel Ayrıntıları tbl.
Boyutlar 19 sm.
650 ## - KONU KATMA GİRİŞ - TOPİKAL DÖNEM
Topikal Süreli Veya Coğrafi Ad Giriş Elemanı Özelleştirme
Genel Alt Bölümü Enerji sektörü
Coğrafi Alt Bölümü Türkiye
710 ## - KATMA GİRİŞ - KURUMSAL ADI
Giriş Elemanı Olarak Kurumsal Ad Veya Yargı Alanı Adı Türkiye Enerji, Su ve Gaz İşçileri Sendiikası (TES-İŞ)
942 ## - EKLENDİ GİRİŞ ELEMANLARI (KOHA)
Sınıflandırma Veya Raf Düzeni Kaynak Dewey Decimal Classification
Koha Öğesi Türü Books
999 ## - SİSTEM KONTROL NUMARALARI (KOHA)
Koha Biblionumber 5823
Koha Biblioitemnumber 5823
Holdings
Kalıcı Konum Mevcut Konum Edinme Tarihi Edinim Kaynak Toplam Check-Out'Lar Tam Çağrı Numarası Barkod Tarih Son Görülme İtibaren Geçerli Fiyatlar Koha Öğesi Türü
CHP Kütüphanesi CHP Kütüphanesi 12/02/2016 Bağış   338.6046 H32 [t.y.] 010096 12/02/2016 12/02/2016 Books